000 00883nam a22002177a 4500
999 _c1796
_d1796
003 AR-CdUCM
008 190228b ||||| |||| 00| 0 spa d
040 _aMUNICIPALIDAD PROVINCIAL DEL CUSCO
_cBIBLIOTECA MUNICIPAL DEL CUSCO
082 _a327.174 /
_bK98
100 _aKuznetsov, Vladlén
_96604
245 _aLas proposiciones de la unión soviética :
_bla actual situación internacional y las iniciativas de Moscú /
260 _aMoscú :
_bPrensa Nóvosti ,
_c1982.
300 _a151 páginas ;
_c16 cm.
505 _aLa ofensiva de paz -- Con qué se va la ONU -- Desarme: tres puntos de vista -- El dilema del siglo nuclear -- La distensión militar de europa...
650 _aONU.
_96605
650 _aSiglo nuclear.
_96606
650 _aUnión Soviética.
_9496
700 _aPazos Pereira, Victor (traductor)
_96607
942 _2ddc
_cLIBROS
945 _awfj
_d2019-02-28